| 000 | 004660000a22001810004500 | ||
|---|---|---|---|
| 003 | MACL | ||
| 005 | 20160120161217.0 | ||
| 008 | 160120b xxu||||| |||| 00| 0 eng d | ||
| 040 |
_aMACL _cMACL |
||
| 041 | _aHindi | ||
| 082 | _a301/PUR | ||
| 100 |
_aगोपाल पुरी _933732 |
||
| 245 | _aसमाज शास्त्र | ||
| 260 |
_bIIMS Publications _aNew Delhi |
||
| 350 | _a250 | ||
| 650 |
_aSociology _933733 |
||
| 942 |
_cHIN _k301 /PUR _2ddc |
||
| 999 |
_c30547 _d30547 |
||